[Event "15th CAN-ch (w)"]
[Site "Toronto CAN"]
[Date "2011.10.09"]
[Round "5"]
[White "Lacau-Rodean, Iulia"]
[Black "Belc, Daniela"]
[Result "1-0"]
[WhiteElo "1994"]
[BlackElo "2052"]
[EventDate "2011.10.08"]
[PlyCount "65"]
[Source "MonRoi"]

1.e4 c5 2.Nf3 Nc6 3.d4 cxd4 4.Nxd4 g6 5.Nxc6 bxc6 6.Qd4 f6 7.Nc3 Qb6 8.Qc4
e5 9.Na4 Qb4+ 10.Bd2 Qxc4 11.Bxc4 d6 12.O-O-O Bb7 13.Ba5 Ne7 14.Rxd6 Nd5 
15.Re6+ Kf7 16.exd5 cxd5 17.Ba6 Kxe6 18.Bxb7 Rb8 19.Ba6 Bd6 20.Rd1 d4 21.
c3 dxc3 22.Nxc3 Bc5 23.Bc4+ Kf5 24.Nd5 Rhc8 25.b3 Rc6 26.f3 h5 27.Kd2 h4 
28.Ke2 g5 29.Bd3+ Ke6 30.Nc7+ Kf7 31.Na6 Rbc8 32.Bb5 Rd6 33.Rc1 1-0

[Event "15th CAN-ch (w)"]
[Site "Toronto CAN"]
[Date "2011.10.09"]
[Round "5"]
[White "Chichkina, Olya"]
[Black "Zhou, Qiyu"]
[Result "0-1"]
[WhiteElo "1885"]
[BlackElo "1811"]
[EventDate "2011.10.08"]
[PlyCount "91"]
[Source "MonRoi"]

1.d4 Nf6 2.Nf3 e6 3.c4 b6 4.Nc3 Ba6 5.e3 Bb4 6.Qa4 Bxc3+ 7.bxc3 O-O 8.Bd3 
Bb7 9.O-O d6 10.Qc2 Nc6 11.Nd2 e5 12.Rb1 Qe7 13.Ba3 Rfd8 14.Rbe1 Qe8 15.f4
h6 16.fxe5 dxe5 17.Ne4 Nxe4 18.Bxe4 Na5 19.Bxb7 Nxb7 20.Bb2 Nd6 21.Qe2 Qc6
22.c5 bxc5 23.dxe5 Ne4 24.Qf3 Qg6 25.Rd1 Ng5 26.Qe2 Qe4 27.c4 Rab8 28.Bc3 
Rxd1 29.Rxd1 Rb1 30.Kf2 Rxd1 31.Qxd1 Qxc4 32.Be1 Qxa2+ 33.Kg1 c4 34.h4 Ne6
35.Qd7 Qb1 36.Kf2 Qf5+ 37.Kg1 Qxe5 38.Qe8+ Kh7 39.Qxf7 Qxe3+ 40.Bf2 Qe4 
41.Bxa7 c3 42.Qf2 Nf4 43.Be3 Nd3 44.Qg3 c2 45.Bxh6 Kxh6 46.Qg5+ 0-1

[Event "15th CAN-ch (w)"]
[Site "Toronto CAN"]
[Date "2011.10.09"]
[Round "5"]
[White "Zhang, Taylor"]
[Black "Danti, Jessica"]
[Result "0-1"]
[WhiteElo "1215"]
[BlackElo "1367"]
[EventDate "2011.10.08"]
[PlyCount "168"]
[Source "MonRoi"]

1.e4 e6 2.d4 d5 3.exd5 exd5 4.Nf3 Nf6 5.Nc3 h6 6.a3 c5 7.Bf4 Bg4 8.Be2 Nc6
9.O-O Bxf3 10.Bxf3 Nxd4 11.Be5 Nxf3+ 12.Qxf3 Nd7 13.Qxd5 Nf6 14.Qxb7 Be7 
15.Bxf6 Bxf6 16.Qc6+ Kf8 17.Qxc5+ Be7 18.Qe3 g6 19.Rfe1 Bf6 20.Rad1 Qa5 
21.Qf3 Kg7 22.Rd3 Bxc3 23.Rxc3 Rac8 24.Ree3 Rxc3 25.Rxc3 Re8 26.h3 Qb6 27.
Rb3 Qd6 28.g3 Re6 29.Qc3+ Kh7 30.Qd3 Qe5 31.Qf3 Rf6 32.Qe3 Qh5 33.Kg2 Qd5+
34.Kh2 Qd1 35.Rd3 Qxc2 36.Rd2 Qc1 37.Qc3 Qxc3 38.bxc3 Kg7 39.Rc2 Rc6 40.
Kg2 Kf6 41.Kf3 Rc4 42.Ke3 Ke5 43.Kd3 Kd5 44.Rb2 Rc6 45.Rb5+ Ke6 46.c4 h5 
47.Kd4 f6 48.c5 Ra6 49.Rb3 Ra4+ 50.Kd3 Kd5 51.Rc3 Kc6 52.h4 g5 53.f3 gxh4 
54.gxh4 Rxh4 55.Rc1 Ra4 56.Rc3 h4 57.Ke2 h3 58.Kf2 Rh4 59.Kg1 h2+ 60.Kh1 
Rh3 61.a4 a5 62.Rc4 Rxf3 63.Kxh2 Rf5 64.Kg3 Rxc5 65.Rf4 f5 66.Kf3 Kd6 67.
Rh4 Ke5 68.Ke3 Rc3+ 69.Ke2 f4 70.Kf2 Ke4 71.Ke2 Rc2+ 72.Ke1 Ra2 73.Kd1 
Rxa4 74.Ke2 Ra2+ 75.Kd1 Ke3 76.Rh3+ f3 77.Rg3 Kf4 78.Rxf3+ Kxf3 79.Kc1 Rh2
80.Kb1 Ke3 81.Ka1 Kd3 82.Kb1 Kc3 83.Ka1 Kb3 84.Kb1 Rh1# 0-1

[Event "15th CAN-ch (w)"]
[Site "Toronto CAN"]
[Date "2011.10.09"]
[Round "5"]
[White "Tao, Rachel"]
[Black "Giblon, Rebecca"]
[Result "0-1"]
[WhiteElo "1155"]
[BlackElo "1564"]
[EventDate "2011.10.08"]
[PlyCount "124"]
[Source "MonRoi"]

1.d4 d5 2.e3 Nf6 3.Bd3 Nc6 4.f4 Bg4 5.Nf3 e6 6.Nbd2 Bd6 7.c3 O-O 8.h3 Bh5 
9.O-O Ne7 10.Qc2 c5 11.b3 Rc8 12.Ne5 Qc7 13.Ndf3 cxd4 14.exd4 Qxc3 15.Qxc3
Rxc3 16.Bd2 Rc7 17.Be1 Nc6 18.Bh4 Bxf3 19.Nxc6 bxc6 20.Rxf3 Nd7 21.Re1 c5 
22.dxc5 Nxc5 23.Bb1 f6 24.b4 Nb7 25.a3 Re7 26.Bg3 Rd8 27.Kf2 h6 28.Rc3 Kf8
29.f5 Bxg3+ 30.Kxg3 e5 31.Kf2 Nd6 32.Rc5 d4 33.Rd5 Red7 34.g4 Ne4+ 35.Bxe4
Rxd5 36.Bxd5 Rxd5 37.Kf3 Rd6 38.Ke2 Rc6 39.Kd2 Rc3 40.a4 Ra3 41.a5 Rb3 42.
Rc1 Rxb4 43.Rc8+ Kf7 44.Rc7+ Kg8 45.Rxa7 Ra4 46.a6 Kf8 47.Ra8+ Ke7 48.a7 
Kf7 49.Kc2 e4 50.Kb3 Ra1 51.Kb2 Ra5 52.Kc2 e3 53.Kd3 Ra3+ 54.Ke2 Ra2+ 55.
Kd3 e2 56.Rc8 e1=Q 57.Rc7+ Kg8 58.Rc8+ Kh7 59.a8=Q Qe3+ 60.Kc4 Qc3+ 61.Kb5
Rb2+ 62.Ka4 Qb4# 0-1

[Event "15th CAN-ch (w)"]
[Site "Toronto CAN"]
[Date "2011.10.09"]
[Round "5"]
[White "Giblon, Melissa"]
[Black "Lee, Melissa"]
[Result "1/2-1/2"]
[WhiteElo "1474"]
[BlackElo "1563"]
[EventDate "2011.10.08"]
[PlyCount "59"]
[Source "MonRoi"]

1.c4 e5 2.Nc3 Nf6 3.g3 Nc6 4.Bg2 d6 5.e3 Be7 6.Nge2 Rb8 7.d4 exd4 8.exd4 
O-O 9.O-O Bf5 10.h3 Qc8 11.Kh2 Bg6 12.Be3 a6 13.Nf4 Bf5 14.Ncd5 Nxd5 15.
Nxd5 Be6 16.Nxe7+ Nxe7 17.Rc1 b5 18.b3 bxc4 19.bxc4 Rb2 20.Rc2 Rb4 21.Qc1 
Bf5 22.Rb2 Qb8 23.Rxb4 Qxb4 24.c5 Be6 25.cxd6 Qxd6 26.a4 Qd7 27.a5 Nd5 28.
Rd1 h6 29.Qc5 Qb5 30.Rc1 1/2-1/2

[Event "15th CAN-ch (w)"]
[Site "Toronto CAN"]
[Date "2011.10.10"]
[Round "6"]
[White "Giblon, Rebecca"]
[Black "Chichkina, Olya"]
[Result "1/2-1/2"]
[WhiteElo "1564"]
[BlackElo "1885"]
[EventDate "2011.10.08"]
[PlyCount "33"]
[Source "MonRoi"]

1.e4 d6 2.d4 Nf6 3.Nc3 c6 4.Nf3 Bg4 5.h3 Bh5 6.Bf4 Qa5 7.Qd3 Bg6 8.Bd2 Qb6
9.d5 cxd5 10.Qb5+ Qxb5 11.Bxb5+ Nbd7 12.Nxd5 Nxd5 13.exd5 Rc8 14.c4 a6 15.
Bxd7+ Kxd7 16.b3 h6 17.Ke2 1/2-1/2

[Event "15th CAN-ch (w)"]
[Site "Toronto CAN"]
[Date "2011.10.10"]
[Round "6"]
[White "Liu, Jiaxin"]
[Black "Zhang, Taylor"]
[Result "1-0"]
[WhiteElo "1502"]
[BlackElo "1215"]
[EventDate "2011.10.08"]
[PlyCount "55"]
[Source "MonRoi"]

1.d4 d5 2.Nf3 Nc6 3.g3 Nf6 4.Bg2 Bf5 5.a3 g6 6.Nc3 Bg7 7.O-O O-O 8.Bf4 a6 
9.Rc1 Re8 10.Nh4 Bd7 11.Nf3 Bg4 12.h3 Bd7 13.Qd2 Qc8 14.Kh2 Na5 15.Nxd5 
Nxd5 16.Qxa5 Nxf4 17.gxf4 b6 18.Qd2 c6 19.Ne5 Qc7 20.e3 Rab8 21.Qe2 a5 22.
Qf3 c5 23.c3 f6 24.Qd5+ Kh8 25.Nf7+ Kg8 26.Nh6+ Kh8 27.Qg8+ Rxg8 28.Nf7# 
1-0

[Event "15th CAN-ch (w)"]
[Site "Toronto CAN"]
[Date "2011.10.10"]
[Round "6"]
[White "Danti, Jessica"]
[Black "Giblon, Melissa"]
[Result "0-1"]
[WhiteElo "1367"]
[BlackElo "1474"]
[EventDate "2011.10.08"]
[PlyCount "40"]
[Source "MonRoi"]

1.d4 Nf6 2.c4 g6 3.Nf3 Bg7 4.Nc3 d5 5.Bg5 Ne4 6.e3 Nxg5 7.Nxg5 e6 8.Nf3 
O-O 9.Bd3 dxc4 10.Bxc4 Nc6 11.O-O e5 12.dxe5 Nxe5 13.Nxe5 Bxe5 14.Qf3 Qd2 
15.Rfd1 Qxb2 16.Nd5 Qa3 17.Nf6+ Kg7 18.Nd7 Bxd7 19.Rxd7 Bxa1 20.h4 Qc1+ 
0-1

[Event "15th CAN-ch (w)"]
[Site "Toronto CAN"]
[Date "2011.10.10"]
[Round "6"]
[White "Lee, Melissa"]
[Black "Tao, Rachel"]
[Result "1-0"]
[WhiteElo "1563"]
[BlackElo "1155"]
[EventDate "2011.10.08"]
[PlyCount "113"]
[Source "MonRoi"]

1.e4 e6 2.d3 d5 3.Nd2 c5 4.Ngf3 Nc6 5.g3 Bd6 6.Bg2 Nf6 7.O-O O-O 8.Re1 Qc7
9.a3 a5 10.Nf1 b5 11.c4 Ba6 12.cxd5 exd5 13.Nh4 dxe4 14.dxe4 Rad8 15.Bd2 
Rfe8 16.Nf5 b4 17.Nxd6 Rxd6 18.Qc1 Nd4 19.Qd1 Rde6 20.axb4 Bxf1 21.Kxf1 
cxb4 22.Rc1 Qb7 23.Kg1 Qe7 24.Bf4 Nb5 25.Qd3 Qd7 26.Qxd7 Nxd7 27.Red1 Nf8 
28.Rd5 Na7 29.Rxa5 R6e7 30.Be3 Nc8 31.Rb5 Nd6 32.Rxb4 Nxe4 33.Bxe4 Rxe4 
34.Rxe4 Rxe4 35.Rc8 Re5 36.b4 f6 37.Bc5 Kf7 38.Rxf8+ Kg6 39.Kg2 h5 40.Rc8 
Kf5 41.b5 Re6 42.b6 Rxb6 43.Bxb6 g5 44.Rc5+ Kg6 45.f4 g4 46.Kf2 Kh6 47.Ba5
Kg6 48.Ke3 Kh6 49.Ke4 Kg6 50.f5+ Kg7 51.Rc7+ Kf8 52.Kd5 Ke8 53.Ke6 Kf8 54.
Bb4+ Kg8 55.Kxf6 Kh8 56.Kg6 Kg8 57.Rc8# 1-0